Re-thinking the sales force: redefining selling to create and capture customer value/
Saved in:
| 主要作者: | |
|---|---|
| 其他作者: | |
| 格式: | 图书 |
| 出版: |
New York:
McGraw-Hill,
c1999.
|
| 主题: | |
| 标签: |
添加标签
没有标签, 成为第一个标记此记录!
|
MARC
| LEADER | 00000nam a22000007a 4500 | ||
|---|---|---|---|
| 005 | 20251010053020.0 | ||
| 020 | |a 0071342532 |c TZS 12,000/= | ||
| 040 | |a MCCL |b eng. |e AACR 2nd rev. ed. | ||
| 082 | |a 658.81 RAC | ||
| 100 | |a Rackham, Neil | ||
| 245 | |a Re-thinking the sales force: |b redefining selling to create and capture customer value/ |c Neil Rackham and John R. DeVicentis | ||
| 260 | |a New York: |b McGraw-Hill, |c c1999. | ||
| 300 | |a x, 308p.: |b ill.; |c 23cm. | ||
| 504 | |a Includes index | ||
| 546 | |a eng. | ||
| 650 | |a Sales management | ||
| 650 | |a Selling | ||
| 700 | |a DeVicentis, John R. | ||
| 942 | |c BK | ||
| 999 | |c 12404 |d 12404 | ||